Online Catalogue and eLibrary

Jaffna and the Sinhala heritage (Record no. 5582)

MARC details
000 -LEADER
fixed length control field 00224nam a2200097Ia 4500
008 - FIXED-LENGTH DATA ELEMENTS--GENERAL INFORMATION
fixed length control field 240331s9999 xx 000 0 und d
082 ## - DDC Classification
Item Number - Author Mark KAN
100 ## - MAIN ENTRY--PERSONAL NAME
Personal name Kannangara, N.D
245 #0 - TITLE STATEMENT
Title Jaffna and the Sinhala heritage
942 ## - Koha item type (Biblio)
Koha item type Books in Stacks (Lending)
Holdings
Lost status Damaged status Collection code Home library Current library Shelving location Date acquired Full call number Accession Number Item type
    Lending WERC Library WERC Library Social Science Cupboard 03/31/2024 954.93 KAN 4566 Books in Stacks (Lending)

© WERC Library